000 00600nam a2200193Ia 4500
005 20250508163319.0
008 008 250505s9999 xx 000 0 eng d
037 _aDissertations
040 _aFEDL
_beng
_cFEDL
041 _aeng
_2eng
084 _a371.425, OGE/DI
_qFEDL
100 _aOgeta Norbert
_9775092
245 0 _aStudy on vocationalisation of higher secondary education in India and its implications for Kenya
260 _c1988
300 _a78p.
546 _aM.Ed. Dissertation (Delhi University)
942 _cDIS
_h371.425, OGE/DI
999 _c1382260
_d1382260